| 000 | 01725nam0a2200409 4500 | ||
|---|---|---|---|
| 001 | RU\NLR\BIBL_A\011601770 | ||
| 005 | 20260406141725.0 | ||
| 010 |
_a9785040898572 _91500 |
||
| 021 |
_aRU _b2017-99645 _97179 |
||
| 035 | _a(RuMoRGB)009499284 | ||
| 035 | _a(NLR Aleph) 011601770 | ||
| 090 |
_a10893411 _c10893411 |
||
| 100 | _a20180125d2017 k y0rusy50 ca | ||
| 101 | 0 | _arus | |
| 102 | _aRU | ||
| 105 | _ay|||zzzz0|1zd | ||
| 200 | 1 |
_a"Упреждающий удар" Сталина. 25 июня - глупость или агрессия? _fМарк Солонин |
|
| 210 |
_aМосква _cЭксмо _d2017 |
||
| 215 |
_a637, [1] с. _d21 |
||
| 225 | 1 |
_aВеликая Отечественная война _iОсобое мнение |
|
| 320 | _aБиблиогр.: с. 621-638 (379 назв.) | ||
| 600 | 1 |
_aСталин _bИ. В. _f1879 - 1953 _gИосиф Виссарионович _91004150 _3RU\NLR\AUTH\6663550 |
|
| 601 | 0 | 2 |
_aСеверный фронт _c1941 _xВоенные операции _92622344 _3RU\NLR\AUTH\661558904 |
| 606 |
_aСоветско-финляндская война _z1939 - 1940 _92082251 _3RU\NLR\auth\661258270 |
||
| 686 |
_aЦ35(2)722.21 _2rubbk |
||
| 686 |
_aТ3(2)722.111.2,014.2 _2rubbk |
||
| 686 | 1 | _aТ3(2)721-682 | |
| 686 | 1 | _aТ3(2)722.1 | |
| 686 | 1 | _aЦ35(2)721.5 | |
| 686 | 1 | _aЦ35(2)722.1 | |
| 686 | 1 | _aЦ35(2)722-421 | |
| 700 | 1 |
_7ca _8rus _aСолонин _bМ. С. _f1958- _gМарк Семенович _949799 _3RU\NLR\AUTH\7766871 |
|
| 702 | 1 |
_4570 _7ca _8rus _aСталин _bИ. В. _f1879-1953 _gИосиф Виссарионович _9113460 _3RU\NLR\AUTH\773464 |
|
| 942 | _cBOOK | ||
| 980 | _aNBR | ||